(Khmer) Killing Hill / (Record no. 49739)
| 000 -LEADER | |
|---|---|
| fixed length control field | 00418nam a2200133 4500 |
| 020 ## - INTERNATIONAL STANDARD BOOK NUMBER | |
| International Standard Book Number | 9789924542353 |
| 100 ## - MAIN ENTRY--PERSONAL NAME | |
| Personal name | Long Vong, Samith. |
| 9 (RLIN) | 86865 |
| 245 ## - TITLE STATEMENT | |
| Title | (Khmer) Killing Hill / |
| Statement of responsibility, etc | Long Vong Samith. |
| 250 ## - EDITION STATEMENT | |
| Edition statement | 1st ed. |
| 260 ## - PUBLICATION, DISTRIBUTION, ETC. (IMPRINT) | |
| Place of publication, distribution, etc | Cambodia: |
| Name of publisher, distributor, etc | Khmer Books; |
| Date of publication, distribution, etc | 2021. |
| 300 ## - PHYSICAL DESCRIPTION | |
| Extent | 422 p. |
| Other physical details | ill; map; |
| Dimensions | 23 cm. |
| 650 ## - SUBJECT ADDED ENTRY--TOPICAL TERM | |
| Topical term or geographic name as entry element | Cambodia - History. Khmer Rouge regime, 1975- 1979. Biography. |
| 9 (RLIN) | 86866 |
| 942 ## - ADDED ENTRY ELEMENTS (KOHA) | |
| Source of classification or shelving scheme | |
| Koha item type | Khmer NON FIC Books |
| Withdrawn status | Lost status | Source of classification or shelving scheme | Damaged status | Not for loan | Collection code | Home library | Current library | Date acquired | Total Checkouts | Full call number | Barcode | Date last seen | Date checked out | Price effective from | Koha item type |
|---|---|---|---|---|---|---|---|---|---|---|---|---|---|---|---|
| Siem Riep | Asian Hope Secondary Library | Asian Hope Secondary Library | 11/12/2025 | 1 | KHMER 959.6042 | 208830 | 02/05/2026 | 01/22/2026 | 11/12/2025 | Khmer NON FIC Books |